[Event "6th WSCC U17"]
[Site "Kayseri TUR"]
[Date "2010.07.23"]
[Round "3"]
[White "Sipahioglu,I"]
[Black "Olcum,A"]
[Result "1-0"]
[WhiteElo "2059"]
[BlackElo "1949"]

1.Nf3 d5 2.g3 Nf6 3.Bg2 Bf5 4.O-O e6 5.d3 Be7 6.Nbd2 O-O 7.Re1 c5 8.Ne5 Nc6
9.Nxc6 bxc6 10.e4 Bg4 11.f3 Bh5 12.b3 a5 13.a4 Qb6 14.Kh1 Rab8 15.Bb2 Rfd8
16.Qe2 Nd7 17.g4 Bg6 18.f4 Bh4 19.f5 Bxe1 20.Rxe1 Nf8 21.h4 h6 22.fxg6 Nxg6
23.Rf1 Qc7 24.Qf2 d4 25.Nc4 e5 26.Bc1 f6 27.Bd2 Ra8 28.Bh3 Rf8 29.Qg3 Kh8
30.Kg1 Nf4 31.Bxf4 exf4 32.Qxf4 Qxf4 33.Rxf4 g6 34.Kg2 Kg7 35.Kg3 Rf7 36.h5 g5
37.Rf5 Ra6 38.Rxc5 Rfa7 39.Bg2 Kf8 40.Nd6 Rd7 41.Nf5  1-0

[Event "Heini Olsen Memorial"]
[Site "Klaksvik FAI"]
[Date "2010.07.23"]
[Round "5"]
[White "Danielsen,Hen"]
[Black "Samuelsen,C"]
[Result "1-0"]
[WhiteElo "2512"]
[BlackElo "2278"]

1.g3 d5 2.Nf3 Nc6 3.Bg2 Bf5 4.c4 d4 5.b4 f6 6.b5 Nb8 7.Nh4 Bc8 8.e3 g6 9.Bb2 dxe3
10.fxe3 e5 11.O-O Bg7 12.Qb3 Qe7 13.Nc3 Nd7 14.d4 Nh6 15.Nd5 Qd8 16.Ba3 Ng8
17.Rad1 c6 18.Nc3 cxb5 19.dxe5 b4 20.Bxb4 a5 21.Ba3 a4 22.Qc2  1-0

[Event "Najdorf Mem Open A"]
[Site "Warsaw POL"]
[Date "2010.07.23"]
[Round "7"]
[White "Lammens,Tim"]
[Black "Spicak,K"]
[Result "1-0"]
[WhiteElo "2268"]
[BlackElo "2026"]

1.Nf3 d5 2.g3 c5 3.Bg2 Nc6 4.d4 cxd4 5.Nxd4 e5 6.Nxc6 bxc6 7.c4 Be6 8.Qa4 Qd7
9.Nc3 Ne7 10.O-O Rd8 11.Rd1 f6 12.b3 Kf7 13.Ba3 Nc8 14.Bxf8 Nb6 15.Qa5 Rhxf8
16.Rd2 d4 17.Ne4 Bf5 18.e3 Qe7 19.exd4 exd4 20.Qxf5  1-0

[Event "TCh-MNE Premier League"]
[Site "Cetinje MNE"]
[Date "2010.07.24"]
[Round "1"]
[White "Arsovic,Z"]
[Black "Stojanovic,Mih"]
[Result "1/2-1/2"]
[WhiteElo "2446"]
[BlackElo "2557"]

1.Nf3 d5 2.g3 c6 3.Bg2 Bf5 4.c4 e6 5.cxd5 cxd5 6.Qb3 Qd7 7.Ne5 Qc7 8.Nc3 Nc6
9.Nxc6 bxc6 10.d3 Nf6 11.O-O Be7 12.e4 Bg6 13.h3 O-O 14.Bf4 e5 15.Bg5 Rab8
16.Qc2 dxe4 17.Nxe4 Nxe4 18.Bxe7 Qxe7 19.dxe4 f6  1/2-1/2

[Event "6th WSCC U17"]
[Site "Kayseri TUR"]
[Date "2010.07.24"]
[Round "4"]
[White "Atabayev,Y"]
[Black "Atabayev,M"]
[Result "1/2-1/2"]
[WhiteElo "2313"]
[BlackElo "2323"]

1.Nf3 d5 2.g3 Nf6 3.Bg2 e6 4.O-O Be7 5.d3 O-O 6.Nbd2 c5 7.e4 Nc6 8.c3 dxe4
9.dxe4 Qc7 10.Re1 e5 11.Qc2 Bg4 12.h3 Bxf3 13.Nxf3 Rfd8 14.Bg5 h6 15.Bxf6 Bxf6
16.Rad1 Ne7 17.Rxd8+ Rxd8 18.Rd1 Rd6 19.Rxd6 Qxd6 20.Qd2 Nc8 21.Bf1 Qxd2
22.Nxd2 Nd6 23.Nc4 Nxc4 24.Bxc4 Bg5 25.Bd5 Bc1 26.Bxb7 Bxb2 27.c4 Kf8 28.f3 Ke7
29.Kg2 f6 30.g4 Bc1 31.Bd5 Bb2  1/2-1/2

[Event "21st Czech GM Open"]
[Site "Pardubice CZE"]
[Date "2010.07.24"]
[Round "2"]
[White "Gomes,Mary"]
[Black "Richter,Mic"]
[Result "0-1"]
[WhiteElo "2284"]
[BlackElo "2428"]

1.Nf3 d5 2.g3 c5 3.Bg2 Nc6 4.O-O e5 5.d3 Nf6 6.Nbd2 Be7 7.e4 O-O 8.exd5 Nxd5
9.h3 Nc7 10.Nc4 f6 11.Bd2 Be6 12.Na5 Nxa5 13.Bxa5 b6 14.Bd2 Qd7 15.Kh2 c4
16.dxc4 Bxc4 17.Be3 Qe6 18.Re1 Rad8 19.Qc1 Nd5 20.b3 Ba6 21.c4 Nxe3 22.Qxe3 Bc5
23.Qe2 Bb7 24.Nh4 e4 25.Bxe4 Qxe4 26.Qxe4 Bxe4 27.Rxe4 Rd2 28.Kh1 Rfd8 29.a3 Rxf2
30.b4 Bf8 31.Ng2 Rdd2 32.Nf4 g5 33.Nd5 Kf7 34.Re3 b5 35.Nc3 bxc4 36.Ne4 Rh2+
37.Kg1 Rdg2+ 38.Kf1 Be7 39.Rae1 f5 40.Nd2 Rf2+ 41.Kg1 Bf6 42.Nxc4 f4 43.gxf4 gxf4
44.Ne5+ Kg7 45.Re4 Rfg2+ 46.Kf1 Ra2 47.Kg1 Bd8 48.Nc4 Rag2+ 49.Kf1 f3  0-1

[Event "4th Open"]
[Site "Vecindario ESP"]
[Date "2010.07.24"]
[Round "8"]
[White "Andres Gonzalez,A"]
[Black "Fidalgo Fernandez,L"]
[Result "1-0"]
[WhiteElo "2492"]
[BlackElo "2102"]

1.Nf3 d5 2.g3 Nf6 3.Bg2 Bf5 4.O-O e6 5.c4 c6 6.d3 Be7 7.Be3 O-O 8.Qb3 Qc7
9.Rc1 dxc4 10.Qxc4 e5 11.Nc3 Nbd7 12.Qa4 Qd6 13.a3 a5 14.Qc2 b5 15.a4 b4
16.Nb1 Rac8 17.Nbd2 c5 18.Nc4 Qc7 19.Nfd2 Be6 20.Nb3 Nd5 21.Qd2 Ra8 22.f4 Ra7
23.fxe5 Nxe5 24.Nxe5 Nxe3 25.Qxe3 Bxb3 26.Nc6 Bf6 27.Rxc5 Ra6 28.Nxa5 Re6
29.Rxc7 Rxe3 30.Nxb3 Rxe2 31.Rb1 Bxb2 32.Bf1 Be5 33.Bxe2 Bxc7 34.a5 Bb8 35.Rc1  1-0

[Event "Heini Olsen Memorial"]
[Site "Klaksvik FAI"]
[Date "2010.07.25"]
[Round "8"]
[White "Danielsen,Hen"]
[Black "Lund,E"]
[Result "1-0"]
[WhiteElo "2512"]
[BlackElo "2408"]

1.Nf3 d5 2.g3 Bg4 3.Bg2 e6 4.c4 c6 5.cxd5 exd5 6.O-O Nf6 7.d3 Bc5 8.Qc2 Nbd7
9.e4 O-O 10.Nc3 dxe4 11.dxe4 Re8 12.Bf4 h6 13.Rae1 g5 14.Bc1 Qe7 15.Kh1 Rad8
16.b3 Bxf3 17.Bxf3 Ne5 18.Be2 Nfg4 19.Bxg4 Nxg4 20.f4 Bd4 21.Nd1 gxf4 22.Rxf4 Qe6
23.Ref1 Be5 24.Rxf7 Qxf7 25.Rxf7 Kxf7 26.Ne3 Nxe3 27.Bxe3 Kg7 28.Qe2 Rd6
29.Qh5 Rde6 30.Bxh6+ Kg8 31.Kg2 Bb2 32.Kf3 a5 33.Bf4 a4 34.bxa4 Bg7 35.Qf5 R6e7
36.h4 Rf7 37.Qg6 Ra8 38.Qe6 Rxa4 39.h5 Ra3+ 40.Kg4 Bf6 41.h6 Ra8 42.e5 Bh8
43.h7+ Kg7 44.Qh6+  1-0

[Event "Open ch-BUL w"]
[Site "Vratsa BUL"]
[Date "2010.07.25"]
[Round "1"]
[White "Tsekova,V"]
[Black "Raeva,E"]
[Result "0-1"]
[WhiteElo "1834"]
[BlackElo "2286"]

1.Nf3 d5 2.g3 Nf6 3.Bg2 c5 4.d3 Nc6 5.O-O e5 6.Nbd2 Be7 7.e4 O-O 8.h3 Qc7
9.c3 h6 10.Re1 Be6 11.Qe2 d4 12.c4 a6 13.Nf1 b5 14.b3 bxc4 15.bxc4 Rab8 16.g4 Nh7
17.Ng3 Ng5 18.Nf5 Nxf3+ 19.Qxf3 Bg5 20.h4 Bxc1 21.Rexc1 f6 22.Bh3 Kh7 23.Kh2 Rb2
24.Rg1 Qa5 25.Rg2 Qd2 26.Rag1 Qf4+ 27.Qxf4 exf4 28.g5 g6 29.Nxh6 f3 30.Rg3 Rxf2+
31.Kh1 Bxh3 32.Rxh3 Ne5 33.Ng4 Nxg4 34.Rxg4 f5 35.Rf4 Rb8 36.Rg3 Rb1+ 37.Rg1 Rbb2
38.Rg3 Rh2+ 39.Kg1 f2+ 40.Kf1  0-1

[Event "ch-AUT w"]
[Site "Vienna AUT"]
[Date "2010.07.26"]
[Round "3"]
[White "Novkovic,J"]
[Black "Hapala,L"]
[Result "1-0"]
[WhiteElo "2157"]
[BlackElo "1674"]

1.Nf3 d5 2.g3 Nf6 3.Bg2 c6 4.d3 e6 5.O-O Be7 6.Nbd2 O-O 7.c3 Nbd7 8.Qc2 e5
9.e4 Qc7 10.Re1 dxe4 11.dxe4 Nb6 12.Nf1 Re8 13.h3 h6 14.Nh4 Bf8 15.Ne3 Be6
16.Nef5 Rad8 17.b3 Qc8 18.g4 Bxf5 19.Nxf5 Nh7 20.Qe2 Be7 21.h4 Qe6 22.Be3 Rd7
23.Rad1 Red8 24.Rxd7 Qxd7 25.Bf1 Bf6 26.Qf3 Nc8 27.Be2 b6 28.Kh2 Ne7 29.Qg3 Nxf5
30.gxf5 Kh8 31.Rg1 Qe7 32.Kh3 c5 33.Bc4 a5 34.a4 Re8 35.Qg4 Rd8 36.Qh5 Rd7
37.Bd5 Qf8 38.Rd1 Qd8 39.Rd2 Qe7 40.f3 Qd8 41.Qg4 Qe7 42.Rd1 Qd8 43.Rg1 Qf8
44.Qg3 Rd8 45.Qe1 Qe7 46.Bf2 Rd7 47.Qe2 Rd8 48.Qa6 Qc7 49.Be3 Rd7 50.Qc4 Bd8
51.Qe2 Bf6 52.Qf2 Qd6 53.Rc1 Qe7 54.Qg3 Qd6 55.Rg1 Qf8 56.f4 Qe7 57.Rb1 Ra7
58.Rc1 Rd7 59.Rd1 Rd8 60.Rb1 Qe8 61.Rb2 Qe7 62.Rc2 Rd7 63.b4 cxb4 64.cxb4 Rc7
65.Rxc7 Qxc7 66.Qf2 exf4 67.Qxf4 Qxf4 68.Bxf4 axb4 69.Bd6 Bc3 70.e5 Kg8 71.Kg4 Bd2
72.Bc7 Be3 73.Kf3 Bc5 74.Bb8 Be7 75.Kg4 Kf8 76.Bc7 Bc5 77.a5 bxa5 78.Bxa5 Ke7
79.Bb3 Nf8 80.Kf4 Nd7 81.Ke4 f6 82.e6 Ne5 83.Bc7 Bd6 84.Bb6 g6 85.Be3 h5
86.Bd1 gxf5+ 87.Kxf5 b3 88.Bxb3 Nf3 89.Bf2 Bb4 90.Kg6 Nd2 91.Ba2 Ne4 92.Bd4 Bc3
93.Be3 Ng3 94.Bc5+ Ke8 95.Bc4 Ne4 96.Bb5+ Kd8 97.e7+  1-0

[Event "Tch-POR 1st Div Final"]
[Site "Vila Nova de Gaia POR"]
[Date "2010.07.26"]
[Round "3.2"]
[White "Camacho Collados,J"]
[Black "Wegerle,J"]
[Result "1-0"]
[WhiteElo "2394"]
[BlackElo "2472"]

1.Nf3 d5 2.g3 Bg4 3.Bg2 Nd7 4.c4 e6 5.cxd5 exd5 6.O-O Ngf6 7.Nc3 c6 8.d3 Be7
9.h3 Bxf3 10.Bxf3 d4 11.Ne4 Nxe4 12.dxe4 Nc5 13.b4 Ne6 14.Bg4 Qd7 15.Qb3 h5
16.Bxe6 Qxe6 17.Qxe6 fxe6 18.Rd1 O-O-O 19.a3 b6 20.Bb2 c5 21.bxc5 Bxc5 22.a4 Rd7
23.Rd3 Rf8 24.Kg2 e5 25.a5 Rdf7 26.f3 Kb7 27.Rb3 Kc6 28.axb6 axb6 29.Ra6 Kb7
30.Ra5 Kc6 31.Ra6 Kb7 32.Ra5 Kc6 33.Ra2 Rd8 34.Bc1 Rdd7 35.Rc2 Ra7 36.f4 Kd6
37.Rd3 Ra4 38.e3 g6 39.g4 hxg4 40.hxg4 Ke6 41.exd4 Rxd4 42.Rxd4 exd4 43.Kf3 Rh7
44.f5+ gxf5 45.gxf5+ Kf6 46.Bf4 Rh1 47.Rg2 d3 48.Rd2 Rf1+ 49.Kg4 Rg1+ 50.Bg3 Bd6
51.Rxd3 Be5 52.Kh3 Bxg3 53.Rxg3 Re1 54.Rg6+ Ke5 55.Re6+ Kf4 56.f6 Kg5 57.e5 Kg6
58.Re7 Rf1 59.Kg4 b5 60.Rg7+ Kh6 61.Rb7 Kg6 62.Rxb5 Rf5 63.Rd5 Rf2 64.Rd7 Rf1
65.Re7 Rf2 66.Rc7 Rf1 67.Rc3 Rh1 68.Rf3 Rg1+ 69.Kf4 Kf7 70.Kf5 Re1 71.Rf2 Re3
72.Rf1 Re2 73.Rf3 Re1 74.Rf2 Re3 75.Rg2 Rf3+ 76.Ke4 Rf1 77.Rg7+ Kf8 78.Ra7 Re1+
79.Kf5  1-0

[Event "97th ch-GBR"]
[Site "Canterbury ENG"]
[Date "2010.07.27"]
[Round "2"]
[White "Chapman,T"]
[Black "Brown,Mart"]
[Result "1/2-1/2"]
[WhiteElo "2251"]
[BlackElo "2093"]

1.Nf3 d5 2.g3 Nf6 3.Bg2 c6 4.c4 dxc4 5.O-O Nbd7 6.Na3 Nb6 7.Qc2 Qd5 8.Ne1 Qe6
9.e4 g6 10.b3 cxb3 11.axb3 Bg7 12.Bb2 O-O 13.d4 Qg4 14.Nd3 Qh5 15.Nc4 Nxc4
16.bxc4 g5 17.f3 Bh3 18.g4 Qh6 19.Qd2 Rfd8 20.Bxh3 Qxh3 21.e5 Nd7 22.Qxg5 Qh6  1/2-1/2

[Event "21st Czech GM Open"]
[Site "Pardubice CZE"]
[Date "2010.07.27"]
[Round "5"]
[White "Klenburg,M"]
[Black "Palecek,P"]
[Result "1/2-1/2"]
[WhiteElo "2437"]
[BlackElo "2252"]

1.Nf3 d5 2.g3 c6 3.Bg2 Bg4 4.O-O Nd7 5.d4 e6 6.Nbd2 Ngf6 7.Re1 Be7 8.e4 O-O
9.c3 h6 10.a4 a5 11.Qb3 Qc7 12.exd5 cxd5 13.Nf1 Bf5 14.Bf4 Bd6 15.Bxd6 Qxd6
16.Ne5 Qb6 17.Qxb6 Nxb6 18.Ne3 Be4 19.f3 Bh7 20.Bf1 Nfd7 21.Nxd7 Nxd7 22.Bb5 Nb6
23.b3 Rfd8 24.Rad1 Nc8 25.Kf2 Nd6 26.c4 Rac8 27.Re2 Kf8 28.Rb2 dxc4 29.bxc4 Nf5
30.Nxf5 Bxf5 31.Ke3 e5 32.d5 Ke7 33.f4 f6 34.fxe5 fxe5 35.Rf2 Bg6 36.Rdf1 Rd6
37.Kd2 Rdd8 38.Re2 Kd6 39.Rfe1 e4 40.Rf2 Rf8 41.Ref1 Rxf2+ 42.Rxf2 Ke5 43.Ke3 Rd8
44.g4 Rh8 45.Bd7 h5 46.Bf5 Be8 47.Bxe4 hxg4 48.Rf5+ Kd6 49.Kd4 b6 50.Rg5 g6
51.Rxg4 Rxh2 52.Rf4 Ke7 53.c5 bxc5+ 54.Kxc5 Rd2 55.Rh4 Bxa4 56.Bxg6 Bb3 57.d6+ Rxd6  1/2-1/2

[Event "Open"]
[Site "Szombathely HUN"]
[Date "2010.07.27"]
[Round "1"]
[White "Berczes,C"]
[Black "Remete,E"]
[Result "1/2-1/2"]
[WhiteElo "2406"]
[BlackElo "2051"]

1.Nf3 d5 2.g3 Nf6 3.Bg2 c6 4.O-O Bg4 5.c4 e6 6.d3 Bd6 7.Nc3 O-O 8.Qb3 Qc8
9.Bg5 Nbd7 10.cxd5 exd5 11.e4 dxe4 12.dxe4 Ne5 13.Nxe5 Bxe5 14.f4 Bd4+ 15.Kh1 h6
16.Bxf6 Bxf6 17.Rae1 Rd8 18.f5 Qc7 19.Nb1 Rd4 20.Qe3 Rad8 21.e5 Bg5 22.Qf2 Bd2
23.Nxd2 Rxd2 24.Qf4 Be2 25.Rf2 R2d4 26.Qe3 Bc4 27.e6 Rd3 28.Qc1 Bxa2 29.e7 Re8
30.Rfe2 f6 31.Qc5 Bf7 32.Qxa7 Rd7 33.Qc5 Qd6 34.Qxd6 Rxd6 35.Bf3 Bd5 36.Kg2 Kf7
37.b4 Rd7 38.Bxd5+ Rxd5 39.g4 Rd4 40.Re4 Rxe4 41.Rxe4 Rxe7 42.Rd4 Ke8 43.Kf3 Rd7
44.Re4+ Kd8 45.h4 Kc7 46.g5 hxg5 47.hxg5 fxg5 48.Kg4 Kb6 49.Kxg5 Kb5 50.Kg6 c5
51.bxc5 Kxc5 52.Re5+ Kc4 53.Re4+ Kd5 54.Re1 Kc4 55.Rc1+ Kb4 56.Rc8 b5 57.Rg8 Kc3
58.Rxg7 Rxg7+ 59.Kxg7 b4  1/2-1/2

[Event "Tch-POR 1st Div Final"]
[Site "Vila Nova de Gaia POR"]
[Date "2010.07.27"]
[Round "4.6"]
[White "Camacho Collados,J"]
[Black "Andrade,Jo"]
[Result "1/2-1/2"]
[WhiteElo "2394"]
[BlackElo "2268"]

1.g3 d5 2.Nf3 Nf6 3.Bg2 e6 4.c4 c6 5.O-O Be7 6.d4 O-O 7.b3 b6 8.Qc2 Ba6 9.Rd1 Nbd7
10.Nbd2 Rc8 11.e4 dxe4 12.Nxe4 Nxe4 13.Qxe4 b5 14.Qc2 bxc4 15.bxc4 Qa5 16.Rb1 Nb6
17.Ne5 Qa4 18.Qxa4 Nxa4 19.Rb3 Bd6 20.Bxc6 Bxe5 21.Bxa4 Rxc4 22.dxe5 Rxa4
23.Ba3 Rc8 24.Rc3 h5 25.Rxc8+ Bxc8 26.Bc5 Kh7 27.a3 Ra5 28.Rc1 Bb7 29.f4 Kg6
30.h3 a6 31.Bb4 Rb5 32.Rc7 a5 33.Bc3 Be4 34.Rc4 Bd5 35.Ra4 Bb3 36.Rxa5 Rxa5
37.Bxa5 Kf5 38.Kf2 h4 39.Bd2 hxg3+ 40.Kxg3 f6 41.exf6 gxf6 42.h4 Bd1 43.Be1 e5
44.fxe5 fxe5 45.Bb4 Ke4 46.Kf2 Kd3 47.Ke1 Bh5 48.a4 Kc4 49.Bd2 Be8 50.a5 Kb5
51.Kf2 Bf7 52.Ke3 Bg6 53.Bc3 Ka6 54.Kf3 Bc2 55.Kg4 Bd3 56.Kg5 e4 57.Kf4 e3
58.Kxe3 Bh7 59.h5 Ka7 60.Kd4 Ka8  1/2-1/2

[Event "TCh-MNE Premier League"]
[Site "Cetinje MNE"]
[Date "2010.07.28"]
[Round "5"]
[White "Drasko,M"]
[Black "Pavlovic,Dej"]
[Result "1/2-1/2"]
[WhiteElo "2505"]
[BlackElo "2413"]

1.Nf3 d5 2.g3 c6 3.Bg2 Bg4 4.O-O Nd7 5.d3 Ngf6 6.Qe1 e5 7.e4 dxe4 8.dxe4 Bc5
9.Nbd2 O-O 10.h3 Be6 11.Ng5 Qe7 12.Nxe6 Qxe6 13.a4 Rfd8 14.Qe2 a5 15.Qc4 Qe7
16.Nf3 Nf8 17.Bd2 Ne6 18.Qe2 Nd4 19.Nxd4 Bxd4 20.Rab1 h6 21.Rfd1 Qe6 22.b3 Rd7
23.Be1 Bb6 24.Rxd7 Nxd7 25.Rd1 Nf8 26.Kh2 Qf6 27.Qf3 Qe7 28.Bf1 Ne6 29.c3 Ng5
30.Qg2 Qf6 31.Be2 Rd8 32.Rxd8+ Bxd8 33.h4 Ne6 34.Bc4 Bb6 35.f3 Nf8 36.Qe2 Qd6
37.Kg2 h5 38.Qd2 Qe7 39.Qe2 Qd6 40.Qd2 Qe7 41.Kf1 Nd7  1/2-1/2

[Event "Dutch Open"]
[Site "Dieren NED"]
[Date "2010.07.28"]
[Round "2"]
[White "Haub,TM"]
[Black "Rijnaarts,S"]
[Result "1-0"]
[WhiteElo "2518"]
[BlackElo "2264"]

1.Nf3 d5 2.g3 c6 3.Bg2 Nf6 4.d3 Bg4 5.h3 Bh5 6.O-O Nbd7 7.Qe1 e5 8.e4 dxe4
9.dxe4 Be7 10.Nbd2 O-O 11.Nc4 Qc7 12.a4 Rfe8 13.Nh4 Nc5 14.Nf5 Bf8 15.b4 Nxa4
16.Rxa4 b5 17.Ra5 bxc4 18.Ne3 Qd6 19.Bd2 Bg6 20.Nxc4 Qd4 21.Nxe5 Nxe4 22.Be3 Qxb4
23.Qa1 c5 24.Rb1 Qc3 25.Qxc3 Nxc3 26.Nxg6 Nxb1 27.Nxf8 Rad8 28.Bxc5 Re2 29.c4 Nd2
30.Rxa7 Nxc4 31.Nd7 Rd2 32.Nb6 Ne5 33.Be3 Rd1+ 34.Kh2 h5 35.Ra5 Re8 36.Ra7 Re1
37.Bd5 Rb1 38.Nd7 Rd1 39.Nxe5 Rxd5 40.Nxf7  1-0

[Event "Dutch Open"]
[Site "Dieren NED"]
[Date "2010.07.29"]
[Round "3"]
[White "Blom,V"]
[Black "Stjazhkina,O"]
[Result "0-1"]
[WhiteElo "2089"]
[BlackElo "2273"]

1.Nf3 d5 2.g3 c5 3.Bg2 Bg4 4.d4 Nd7 5.O-O e6 6.Nbd2 f5 7.Nb3 Bd6 8.Qd3 Bh5
9.Ng5 Qf6 10.c4 Ne7 11.Nh3 O-O 12.Bg5 Qf7 13.cxd5 exd5 14.Na5 Rab8 15.Rac1 h6
16.Bf4 Qe6 17.f3 Nf6 18.Bd2 g5 19.Nf2 f4 20.gxf4 gxf4 21.Bh3 Qf7 22.e4 Nh7
23.e5 Bc7 24.Ng4 Bxg4 25.Bxg4 h5 26.Bh3 Ng5 27.Bg2 h4 28.Kh1 Kh8 29.Rg1 Qh5
30.h3 Nf5 31.Kh2 Ne6 32.Nb3 Rg8 33.Bh1 Rxg1 34.Rxg1 Rg8 35.Rg4 Nh6 36.Rxg8+ Kxg8
37.Nc1 Nf5 38.Ne2 Qg5 39.Be1 Ne3 40.Nc1 Nxd4 41.Ne2 Nf1+  0-1

[Event "21st Czech GM Open"]
[Site "Pardubice CZE"]
[Date "2010.07.29"]
[Round "7"]
[White "Palecek,P"]
[Black "Arslanov,S"]
[Result "0-1"]
[WhiteElo "2252"]
[BlackElo "2377"]

1.Nf3 d5 2.g3 Nf6 3.Bg2 c6 4.O-O Bg4 5.d4 Nbd7 6.Nbd2 e6 7.Re1 Be7 8.e4 O-O
9.c3 Bh5 10.e5 Ne8 11.Nb3 Nc7 12.h3 Na6 13.a3 c5 14.Be3 cxd4 15.cxd4 Nb6
16.Nbd2 Qd7 17.Bf1 Rac8 18.Rc1 Rxc1 19.Qxc1 Rc8 20.Qa1 Qc6 21.Bd3 Bg6 22.Bxg6 hxg6
23.Nf1 Qb5 24.Rc1 Rxc1 25.Bxc1 Qe2 26.N1d2 Nc4 27.b3 Qd1+ 28.Kg2 Nxa3 29.Qc3 Qc2
30.Qxc2 Nxc2 31.Kf1 Nc7 32.Ke2 Nb5 33.Bb2 Bd8 34.Kd3 Nb4+ 35.Ke3 Bb6 36.Nb1 f6
37.exf6 gxf6 38.Nc3 Nc2+ 39.Kd3 Nb4+ 40.Ke3 Nxc3 41.Bxc3 Nc6 42.Kd3 Kf7 43.g4 Bc7
44.Bd2 e5 45.dxe5 fxe5 46.Ng5+ Ke7 47.f3 Nd4 48.b4 Ne6 49.Nxe6 Kxe6 50.h4 Bd8
51.h5 gxh5 52.gxh5 Kf5 53.h6 Bf6 54.Be3 a6 55.Bc1 Kg6 56.Be3 Bd8 57.Bd2 Bc7
58.Bc1 Bd6 59.Bd2 Bf8 60.Bc3 d4  0-1

[Event "XXXVI Open"]
[Site "Sitges ESP"]
[Date "2010.07.29"]
[Round "8"]
[White "Karlsson,L"]
[Black "Gongora Reyes,M"]
[Result "1/2-1/2"]
[WhiteElo "2449"]
[BlackElo "2451"]

1.g3 d5 2.Nf3 Nf6 3.Bg2 c6 4.O-O Bf5 5.d3 h6 6.c4 e6 7.Be3 Be7 8.Qb3 b6 9.Nc3 O-O
10.Rfd1 Bh7 11.cxd5 cxd5 12.Rac1 Nbd7 13.Bd4 Qb8 14.e4 dxe4 15.dxe4 Nc5 16.Bxc5 Bxc5
17.Ne1 e5 18.Nd3 Bd4 19.Nb5 Bxe4 20.Bxe4 Nxe4 21.Nc7 Nc5 22.Nxc5 bxc5 23.Nxa8 Qxb3
24.axb3 Rxa8 25.Rc2 Rb8 26.Ra1 Rxb3 27.Rxa7 Rxb2 28.Rxb2 Bxb2 29.Rc7 Bd4
30.g4 g6 31.h4 Kg7 32.g5 hxg5 33.hxg5 Kf8 34.Kf1 e4 35.Ke2 Ke8 36.Rb7 Kf8
37.Ra7 Ke8 38.Rc7 Kf8 39.Rb7 Ke8 40.Ra7 Kf8 41.Kf1 e3 42.f4 Ke8 43.Ke2 Kf8
44.Kd3 Ke8 45.Rb7 Kf8 46.Ra7 Ke8 47.Rb7  1/2-1/2

[Event "Open"]
[Site "Szombathely HUN"]
[Date "2010.07.29"]
[Round "3"]
[White "Berczes,C"]
[Black "Horvath,Im1"]
[Result "1-0"]
[WhiteElo "2406"]
[BlackElo "2297"]

1.Nf3 d5 2.g3 c6 3.Bg2 Bf5 4.O-O e6 5.d3 h6 6.Nbd2 Nf6 7.c4 Be7 8.b3 O-O
9.Bb2 a5 10.a3 Nbd7 11.Rc1 Re8 12.Rc2 Bf8 13.Qa1 Bh7 14.Ne5 Nxe5 15.Bxe5 Nd7
16.Bc3 Nb6 17.Rcc1 Qe7 18.Bb2 c5 19.d4 cxd4 20.Bxd4 Qd8 21.cxd5 Nxd5 22.Nc4 Ra6
23.Rfd1 b5 24.Ne5 Qe7 25.Bc5 Qf6 26.Bxf8 Rxf8 27.Bxd5 exd5 28.Rxd5 b4 29.Nd7 Qxa1
30.Rxa1 Rfa8 31.Nc5 Rb6 32.axb4 Rxb4 33.Rxa5 Rc8 34.Ra7 Bc2 35.Nd3 Rxb3 36.Rdd7 Bxd3
37.exd3 Rf8 38.Kg2 h5 39.Ra2 Rc8 40.Kf3 Rc6 41.Ke4 Re6+ 42.Kd4 h4 43.Ra8+ Kh7
44.Kc4 Reb6 45.Rxf7 R6b4+ 46.Kc5 hxg3 47.hxg3 Rg4 48.d4 Rc3+ 49.Kd5 Rd3 50.Ra4 Rd2
51.Ke5 Kg6 52.Rf8 Kh7 53.f4 Rxg3 54.d5 Re3+ 55.Re4 Red3 56.Rd8 Kg6 57.Ke6 Rd4
58.Rxd4 Rxd4 59.Rf8 Rd1 60.d6 Re1+ 61.Kd7 Kh5 62.Kd8 Kg4 63.d7 g6 64.Rf6  1-0

[Event "6th WSCC U17"]
[Site "Kayseri TUR"]
[Date "2010.07.30"]
[Round "9"]
[White "Sipahioglu,I"]
[Black "Komut,K"]
[Result "1-0"]
[WhiteElo "2059"]
[BlackElo "1937"]

1.Nf3 d5 2.g3 c6 3.Bg2 Nf6 4.O-O Nbd7 5.d3 e5 6.e4 dxe4 7.dxe4 Bc5 8.Qe2 O-O
9.Nbd2 Qe7 10.Nc4 b5 11.Na5 Bb6 12.Bd2 Bxa5 13.Bxa5 Nb6 14.Bc3 Bg4 15.b3 Bxf3
16.Bxf3 Rfd8 17.Qe3 b4 18.Bb2 c5 19.a3 a5 20.Be2 h6 21.Ra2 Qc7 22.f4 Nbd7
23.Rfa1 exf4 24.gxf4 Re8 25.Bd3 Nd5 26.Qg3 Nc3 27.Kh1 f6 28.Rg1 Nf8 29.Raa1 Ra7
30.Raf1 Qc6 31.Bxc3 bxc3 32.Bc4+ Kh8 33.Bd5 Qd6 34.Qxc3 f5 35.Qf3 fxe4 36.Bxe4 Qd4
37.Bd3 a4 38.bxa4 c4 39.Qc6 Rea8 40.Bxc4 Rxa4 41.Bb3 Rxa3 42.Qf3 Qf6 43.Qd5 Ng6
44.Qg2 Nh4 45.Qe4 Nf5 46.Qe5 R3a6 47.Rf2 Rd8 48.Rfg2 Qxe5 49.fxe5 Nd4 50.Rxg7 Nxb3
51.cxb3 Re8 52.R7g6 Rxg6 53.Rxg6 Kh7 54.Rg3 Rxe5 55.Kg1 Re1+ 56.Kf2 Rb1 57.h3 h5
58.Ke2 Kh6 59.Kd2 h4 60.Rf3 Kg5 61.Kc2 Re1 62.Kd3 Re8 63.b4 Rd8+ 64.Kc4 Rc8+
65.Kb3 Rb8 66.Ka4 Ra8+ 67.Kb5 Rb8+ 68.Kc5 Rc8+ 69.Kd6 Rc1 70.b5 Rd1+ 71.Kc5 Rc1+
72.Kb4 Rb1+ 73.Rb3 Rg1 74.b6 Kf4 75.b7 Rg8 76.Kc5 Rb8 77.Kc6  1-0

[Event "Open"]
[Site "Szombathely HUN"]
[Date "2010.07.30"]
[Round "4"]
[White "Varga,Me"]
[Black "Joo,G"]
[Result "1/2-1/2"]
[WhiteElo "1883"]
[BlackElo "2113"]

1.Nf3 d5 2.g3 e6 3.Bg2 Nf6 4.c4 Be7 5.O-O O-O 6.d4 c6 7.Qc2 b6 8.Nbd2 Bb7
9.e4 dxe4 10.Nxe4 Nxe4 11.Qxe4 Nd7 12.Ne5 Nxe5 13.dxe5 Qc7 14.Bf4 Rfd8 15.Rfd1 Rab8
16.Rxd8+ Rxd8 17.a3 Rd7 18.h4 Qc8 19.Qc2 c5 20.Bxb7 Qxb7 21.Rd1 Qc6 22.Rxd7 Qxd7
23.Qd2 Qxd2 24.Bxd2 f6 25.Bc3 fxe5 26.Bxe5 Bf6 27.Bb8 a6 28.b3 b5 29.Kf1 bxc4
30.bxc4 Bb2 31.a4 Kf7  1/2-1/2

[Event "ch-AUT"]
[Site "Vienna AUT"]
[Date "2010.07.30"]
[Round "7"]
[White "Ganaus,H"]
[Black "Leitner,G"]
[Result "1-0"]
[WhiteElo "2288"]
[BlackElo "2234"]

1.Nf3 d5 2.g3 c6 3.Bg2 Nf6 4.c4 Bf5 5.O-O e6 6.cxd5 cxd5 7.Qb3 Qb6 8.Qxb6 axb6
9.Nc3 Be7 10.d3 Nc6 11.Bf4 O-O 12.h3 Bg6 13.Nh4 Nd7 14.Nxg6 hxg6 15.Rfd1 g5
16.Bd2 Bf6 17.e3 Nc5 18.d4 Na4 19.Nxa4 Rxa4 20.Bf1 Rfa8 21.a3 Rc8 22.Rac1 Raa8
23.Rc2 Na7 24.Rdc1 Rxc2 25.Rxc2 Rc8 26.Rxc8+ Nxc8 27.a4 Nd6 28.b3 Be7 29.f3 Kf8
30.Bd3 f5 31.g4 g6 32.Kf1 Kf7 33.Ke2 Bd8 34.Kd1 Ke8 35.Ke2 Kf7 36.Bc3 Bc7
37.Bb4 Ke8 38.Bd2 Bd8 39.e4 fxe4 40.fxe4 dxe4 41.Bb5+ Nxb5 42.axb5 Kd7 43.Ke3 Bf6
44.Kxe4 Kd6 45.Bb4+ Kd7 46.d5 exd5+ 47.Kxd5 Bb2 48.Bd2 Bf6 49.Be3 Ke7 50.Bxb6 Kd7
51.Bd4 Bxd4 52.Kxd4 Kd6 53.b6 Ke6 54.Ke4 Kd6 55.b4 Ke6 56.Kf3 Kd5 57.Kg3 Kc6
58.h4 gxh4+ 59.Kxh4 Kxb6 60.Kg5 Kb5 61.Kxg6 Kxb4 62.g5 b5 63.Kf6 Ka3 64.g6 b4
65.g7 b3 66.g8=Q Ka2 67.Ke5 Ka1 68.Qa8+ Kb1 69.Ke4  1-0

[Event "ch-AUT"]
[Site "Vienna AUT"]
[Date "2010.07.30"]
[Round "7"]
[White "Stuhlik,M"]
[Black "Platzgummer,F"]
[Result "1/2-1/2"]
[WhiteElo "2216"]
[BlackElo "2351"]

1.g3 d5 2.Nf3 Nf6 3.Bg2 c6 4.c4 Bg4 5.cxd5 Nxd5 6.Nc3 Nxc3 7.bxc3 Nd7 8.O-O e5
9.d3 Bd6 10.a4 O-O 11.Be3 Qc7 12.Qb3 Bc5 13.Bxc5 Nxc5 14.Qc4 Bxf3 15.Bxf3 Nd7
16.a5 Rac8 17.Rfb1 Kh8 18.Qb4 Rb8 19.Qe7 Rbe8 20.Qb4 Rb8 21.Qe7 Rbe8 22.Qb4  1/2-1/2

[Event "97th ch-GBR"]
[Site "Canterbury ENG"]
[Date "2010.07.31"]
[Round "6"]
[White "Chapman,T"]
[Black "Adair,J"]
[Result "1/2-1/2"]
[WhiteElo "2251"]
[BlackElo "2205"]

1.Nf3 d5 2.g3 Bg4 3.Bg2 c6 4.d3 Nf6 5.Nbd2 Nbd7 6.h3 Bxf3 7.Nxf3 e5 8.Nd2 Bc5
9.O-O O-O 10.e4 Bb6 11.Qe2 Re8 12.Rd1 Nc5 13.Nb3 Ne6 14.c3 Qc7 15.a4 a5 16.Bf3 Rad8
17.Bd2 Qd6 18.Kg2 Qc7 19.h4 h6 20.Re1 dxe4 21.dxe4 Nd7 22.Be3 Bxe3 23.Qxe3 b6
24.Be2 Ndc5 25.Nxc5 Nxc5 26.Bc4 Rd6 27.b4 Nb7 28.Red1 Red8 29.Qf3 axb4 30.cxb4 Rd4
31.Ba6 Qd6 32.Rdb1 Qb8 33.Bxb7 Qxb7 34.Rb2 Rc4 35.a5 bxa5 36.Rxa5 c5 37.b5 Rb4
38.Rxb4 cxb4 39.Qe2 Rd4 40.Qc2 Rxe4 41.Qc6 Qxc6 42.bxc6 Rc4 43.Rb5 Rxc6 44.Rxb4 h5
45.Rb8+ Kh7 46.Rb5 f6 47.Rb2 Rc7 48.Kf3 Kg6 49.Ra2 Kf5 50.Rb2 g6 51.Kg2 Rc4
52.Ra2 g5 53.hxg5 Kxg5 54.Rb2 h4 55.gxh4+ Rxh4 56.Rb3 Ra4 57.Rb2 Kf4 58.Rb3 e4
59.Rb6 f5 60.Rb3 Ra2 61.Rc3 Kg5 62.Rg3+ Kf6 63.Rg8 Ke5 64.Re8+ Kf4 65.Re7 Re2
66.Ra7 Re1 67.Ra8 Kg5 68.Rg8+ Kf6 69.Rf8+ Kg5 70.Rg8+ Kf4 71.Ra8 Re2 72.Ra7 Rb2
73.Re7 Rb6 74.Ra7 Rg6+ 75.Kf1 Kg4 76.Ra4 Rb6 77.Kg2 Kg5 78.Rc4 Re6 79.Rc5 Kg4
80.f3+ exf3+ 81.Kf1 Ra6 82.Rc8 Kf4 83.Re8 Ra4 84.Rb8 Kg3 85.Rg8+ Rg4 86.Rf8 f4
87.Rh8 f2 88.Ra8 Rh4 89.Ra3+ f3 90.Rxf3+ Kxf3  1/2-1/2

[Event "Politiken Cup"]
[Site "Copenhagen DEN"]
[Date "2010.07.31"]
[Round "1"]
[White "Meier,Geo"]
[Black "Tandrup,M"]
[Result "1-0"]
[WhiteElo "2648"]
[BlackElo "1968"]

1.Nf3 d5 2.g3 g6 3.c4 c6 4.Bg2 Bg7 5.O-O Nf6 6.d4 O-O 7.b3 Nbd7 8.Bb2 Ne4
9.e3 Re8 10.Nc3 Nxc3 11.Bxc3 dxc4 12.bxc4 c5 13.Rc1 Qc7 14.d5 Bxc3 15.Rxc3 Nf6
16.Nd2 Bg4 17.f3 Bd7 18.f4 e6 19.e4 exd5 20.cxd5 Qa5 21.Qc2 Rac8 22.e5 Bf5
23.Nc4 Qb4 24.a3 Qxc4 25.Rxc4 Bxc2 26.Rxc2 Ng4 27.d6 Ne3 28.Re2 Nxf1 29.d7 Nxg3
30.hxg3 Rcd8 31.dxe8=Q+ Rxe8 32.Bxb7 Rb8 33.Bd5  1-0

[Event "ch-AUT"]
[Site "Vienna AUT"]
[Date "2010.07.31"]
[Round "8"]
[White "Vitouch,A"]
[Black "Pirker,G"]
[Result "1/2-1/2"]
[WhiteElo "2282"]
[BlackElo "2136"]

1.Nf3 d5 2.g3 Nf6 3.c4 e6 4.Bg2 Be7 5.b3 O-O 6.Bb2 b6 7.O-O Bb7 8.e3 dxc4
9.bxc4 Na6 10.Qe2 c5 11.Ne5 Bxg2 12.Kxg2 Qc7 13.f4 Qb7+ 14.Kg1 Rad8 15.Nc3 Nd7
16.Ng4 f5 17.Nf2 Bf6 18.g4 g6 19.g5 Bg7 20.d3 Nc7 21.Nh3 e5 22.Qg2 Qxg2+
23.Kxg2 Nb8 24.Rad1 Nc6 25.e4 exf4 26.Nxf4 fxe4 27.dxe4 Na5 28.Rxd8 Rxd8
29.Ncd5 Nxd5 30.Nxd5 Bxb2 31.Rd1 Bd4 32.e5 Nxc4  1/2-1/2